Geschichte und Hintergründe

Bibliographic Details
Main Author: Boyakhchyan, Lilit
Format: eBook
Published: Berln̕: AV Akademikerverlag, 2019
Subjects:
Online Access:Acceso restringido

MARC

LEADER 00000nam a22000007a 4500
005 20190917231348.0
007 cr|||| ||||
008 190917s2019 de |||||s|||| 00||0 deu d
020 |a 9786202223300 
035 |a 29465 
040 |a vLex 
090 |c 9548  |d 9548 
100 1 |a Boyakhchyan, Lilit 
245 1 0 |a Geschichte und Hintergründe  |h [Recurso electrn̤ico] /  |c Lilit Boyakhchyan 
256 |a Servicio en ln̕ea 
260 |a Berln̕:  |b AV Akademikerverlag,  |c 2019 
300 |a 1 recurso electrn̤ico 
500 |a Schon seit über 30 Jahren gilt Berg-Karabach als ein Krisenherd im Kaukasus, ein ungels̲ter Konflikt, der tg̃lich mehrere Opfer fordert. In diesem Buch werden die historischen Hintergründe, die politischen Zusammenhñge des Berg-Karabach-Konflikts und die vl̲kerrechtlichen Grundlagen dargestellt. Hierbei werden die Konfliktkomponenten im Einzelnen untersucht und die Problembereiche erhoben. Im ersten Teil wird die Geschichte Berg-Karabachs dargestellt. Im Besonderen werden die Fragmente der Geschichte hervorgehoben, worüber die Meinungen in der Wissenschaft auseinandergehen und wodurch die Gesellschaften in den Informationskrieg hineingezogen werden. Im zweiten Teil werden die in Frage kommenden vl̲kerrechtlichen Grundlagen beleuchtet und die Anwendungsvoraussetzungen untersucht. Weiters werden die Interessen der Beteiligten und externen Akteure, deren Einfluss auf die Entwicklung der Situation, damit die Hindernisse und die Mg̲lichkeiten der Konfliktls̲ung analysiert. 
506 1 |a Disponible solo en los productos indicados  |d vLex Global  |d vLex Global (Academic Edition, excluding Law Schools)  |d vLex Global (U.S. Academic Edition, Law Schools)  |d vLex Global (U.S. Academic Edition, excluding Law Schools)  |d vLex Global (Academic Edition, Law Schools) 
650 0 4 |a Derecho Pb︢lico y Administrativo  |z Alemania 
740 0 |a vLex Libros (Servicio en ln̕ea) 
856 4 0 |u http://vlex.com/source/29465  |z Acceso restringido 
942 |c BOOK 
999 0 |a Public and Administrative Law